000 01072cam a22002174a 4500
005 20250605164007.0
008 250528s ||||||||||||||||||||||||d
035 _a15847
020 _a70522634
040 _aGR-AtMCL
_bgre
_dGR-AtMCL
_eAACR2
245 1 _aArtificial Intelligence / Second Edition
250 _a2nd
260 _bMcgraw Hill, Inc,
_c1991
300 _a622
520 _aInternational Edition. Preface, Problems and Search, What Is Artificial Intelligence, Problems and Problem Spaces and Search, Heuristic Search Techniques, Knowledge Representation, Using Predicate Logic, Representing Knowledge Using Rules, Symbolic Reasoning Under Uncertainty, Statistical Reasoning, Strong Slot-and-Filler Structures, Advanced Topics, Game Playing, Planning, Understanding, Natural Language Processing, Learning, Connectionist Models, Common Sense, Expert Systems, Perception and Action, Conclusion, References, Acknowledgements, Index.
700 1 _aKnight Kevin
_91862
700 1 _aRich Elaine
_91863
942 _cBK
999 _c1397
_d1397